Η σχολική αποτυχία : από την "οικογένεια" του σχολείου στο "σχολείο" της οικογένειας

Αποθηκεύτηκε σε:
Λεπτομέρειες βιβλιογραφικής εγγραφής
Άλλοι συγγραφείς: Ανδρεαδάκης, Νικόλαος, 1953-, Καΐλα, Μαρία Α. (edtf)
Μορφή: Βιβλίο
Γλώσσα:Greek
Δημοσίευση: Αθήνα : Ελληνικά Γράμματα, 1998.
Έκδοση:4η έκδ.
Θέματα:
Ετικέτες: Προσθήκη ετικέτας
Δεν υπάρχουν, Καταχωρήστε ετικέτα πρώτοι!

MARC

LEADER 00000cam a2200000 i 4500
001 1/23017
008 011101s1998 gr | ||| |||| ||gre||
020 |a 9603440876 
035 |l 10067585 
040 |a GR-MyUa  |b gre  |e AACR2 
041 0 |a gre 
082 7 |a 371.28   |2 (21) 
245 1 2 |a Η σχολική αποτυχία :   |b από την "οικογένεια" του σχολείου στο "σχολείο" της οικογένειας /   |c Νίκος Ανδρεαδάκης ... [κ.ά.] ; επιμέλεια Μαρία Καΐλα. 
250 |a 4η έκδ. 
260 |a Αθήνα :   |b Ελληνικά Γράμματα,   |c 1998. 
300 |a 300 σ. ;   |c 21 εκ. 
504 |a Περιέχει βιβλιογραφικές παραπομπές. 
650 0 |a Promotion (School) 
650 0 |a School failure. 
650 0 |a Slow learning children. 
650 0 |a Learning, Psychology of. 
650 0 |a Underachievers. 
700 1 |a Ανδρεαδάκης, Νικόλαος,   |d 1953- 
700 1 |a Καΐλα, Μαρία Α.  |e edtf 
852 |a INST  |b RHODES  |e 20110215  |h 371.28 ΣΧΟ  |p 005400032987  |q 005400032987  |t BK  |y 0 
852 |a INST  |b SYROS  |e 20011101  |h 371.28 ΣΧΟ  |p 005500000787  |q 005500000787  |t BK  |y 0 
852 |a INST  |b SYROS  |e 20011101  |h 371.28 ΣΧΟ  |p 005500000788  |q 005500000788  |t BK  |y 0 
901 |a BIBL5-2001-3 
920 |b Παιδαγωγικό Τμήμα Δημοτικής Εκπαίδευσης Πρόγραμμα Εξομοίωσης  |y Σύρος  |z 2001-10 
920 |a Ορφανός  |b Χαράλαμπος  |y Ρόδος  |z 2011-02 
970 |a Κρητικού  |b Θωμαΐς  |z 01/11/2001